Dwight D. Eisenhower Trivia - Statistics

General Stats
  • This quiz has been taken 23 times
  • The average score is 8 of 10
Answer Stats
# Questions Answer % Correct
7 Who served as president before Eisenhower? Harry S. Truman
100%
3 What is Eisenhower's nickname Ike
100%
8 Who served as president after Eisenhower? John F. Kennedy
100%
5 What political party was Eisenhower a member of during hispresidency? Republican
100%
1 Who was Eisenhower's vice president? Richard Nixon
100%
9 Eisenhower served as governor of the American-Occupiedzone of what country? Germany
84%
2 What US state was Eisenhower born in? Texas
68%
4 What is Eisenhower's real first name? David
58%
10 He served as the first supreme commander of whatorganization? (4 letters) NATO
58%
6 Besides politician, what job did Eisenhower have? Military Officer
53%
No matching quizzes found
Score Distribution
Percent of People with Each Score
Percentile by Number Answered
Your Score History
You have not taken this quiz